[Event "Szkolne Indywidualne Mistrzostwa Polski 2021 - Dziewczeta do lat 15 i 17"]
[Site "Pokrzywna"]
[Date "1899-12-30"]
[Round "1.1"]
[White "Miarecka, Natalia"]
[Black "Labedz, Gabriela"]
[Result "1-0"]
[WhiteTitle "I"]
[BlackTitle "I"]
[WhiteElo "1262"]
[BlackElo "1378"]

1. e4 c5 2. Nf3 Nc6 3. c3 d5 4. exd5 Qxd5 5. d4 Bg4 6. Be3 cxd4 7. cxd4 Bxf3 8.
gxf3 e6 9. Nc3 Qa5 10. Qb3 Qb4 11. Bc4 Qxb3 12. Bxb3 Bb4 13. Rg1 g6 14. O-O-O
Bxc3 15. bxc3 Nge7 16. c4 Rc8 17. Kb1 O-O 18. f4 Na5 19. Rc1 Rfd8 20. Rgd1 b6
21. c5 Nxb3 22. axb3 bxc5 23. dxc5 Rxd1 24. Rxd1 Nd5 25. Rc1 Rc6 26. Rc4 Kg7 27.
b4 a6 28. Kb2 Kh6 29. Kb3 Kh5 30. Ka4 Nc7 31. Rd4 Nd5 32. Rd3 Rc8 33. Bd2 Kg4
34. Ka5 Rc6 35. Rd4 Kf3 36. Be3 Nxe3 37. fxe3 Kxe3 38. Rd6 Rc8 39. Kxa6 Rb8 40.
b5 Kxf4 41. c6 e5 42. c7 Rc8 43. Kb7 Rxc7+ 44. Kxc7 f5 45. b6 e4 46. b7 e3 47.
b8=Q Kf3 48. Qb7+ Kf2 49. Qb2+ Kf3 50. Re6 1-0

[Event "Szkolne Indywidualne Mistrzostwa Polski 2021 - Dziewczeta do lat 15 i 17"]
[Site "Pokrzywna"]
[Date "1899-12-30"]
[Round "1.2"]
[White "Matusik, Zuzanna"]
[Black "Szopa, Emilia"]
[Result "0-1"]
[WhiteTitle "I"]
[BlackTitle "I++"]
[WhiteElo "1209"]
[BlackElo "1653"]

1. e4 c5 2. c4 Nc6 3. g3 g6 4. Bg2 Bg7 5. Ne2 d6 6. h3 Nf6 7. d3 O-O 8. O-O Ne8
9. Nbc3 Nc7 10. Rb1 Ne6 11. Be3 Ned4 12. Qd2 a6 13. b3 Bxh3 14. f4 Bxg2 15. Kxg2
f5 16. Rh1 Rf7 17. Rh3 e6 18. Rbh1 Bf8 19. Qe1 Qa5 20. a4 Qb4 21. Bd2 Qxb3 22.
Qf1 Qc2 23. Qe1 Qxd3 24. Nc1 Qxc4 25. exf5 exf5 26. Qf2 Re8 27. Kg1 b5 28. axb5
axb5 29. Qg2 b4 30. Nd5 Ne2+ 31. Nxe2 Rxe2 32. Qf1 Qd4+ 33. Be3 Rxe3 34. Nxe3
Qxe3+ 35. Kg2 Qd2+ 36. Kg1 Qd4+ 37. Kg2 b3 38. Qb5 Qd5+ 39. Kf2 Nd4 40. Qd3 Ra7
41. g4 Ra2+ 42. Kg1 Qg2# 0-1

[Event "Szkolne Indywidualne Mistrzostwa Polski 2021 - Dziewczeta do lat 15 i 17"]
[Site "Pokrzywna"]
[Date "1899-12-30"]
[Round "1.3"]
[White "Pawlak, Emilia"]
[Black "Zabrzanska, Weronika"]
[Result "0-1"]
[WhiteTitle "I"]
[BlackTitle "k"]
[WhiteElo "1515"]
[BlackElo "1951"]

1. c4 e6 2. Nc3 Nf6 3. e4 d5 4. e5 Ne4 5. Nf3 Nxc3 6. bxc3 c5 7. d4 Nc6 8. Be2
Be7 9. O-O O-O 10. Be3 b6 11. h3 Bb7 12. Qd2 Na5 13. cxd5 Bxd5 14. Rfd1 Qc7 15.
Rac1 Nc4 16. Bxc4 Bxc4 17. Bg5 Rfd8 18. Qc2 Rac8 19. Bxe7 Qxe7 20. Re1 Bd5 21.
Qd3 h6 22. Rcd1 cxd4 23. cxd4 Bxa2 24. Nd2 Rc7 25. Ne4 Bc4 26. Qg3 Kh7 27. f4
Bd5 28. Nd6 f5 29. Rc1 Rdd7 30. Qd3 Rxc1 31. Rxc1 Rc7 32. Ra1 g5 33. Rf1 gxf4
34. Rxf4 Kh8 35. h4 Qg7 36. Qd2 Rc1+ 37. Kh2 Ra1 38. Ne8 Qg6 39. Nf6 Ra2 40. Rg4
fxg4 41. Qb4 g3+ 0-1

[Event "Szkolne Indywidualne Mistrzostwa Polski 2021 - Dziewczeta do lat 15 i 17"]
[Site "Pokrzywna"]
[Date "1899-12-30"]
[Round "1.4"]
[White "Szymura, Oliwia"]
[Black "Pietrzak, Emilia"]
[Result "0-1"]
[WhiteTitle "II"]
[BlackTitle "I"]
[WhiteElo "1251"]
[BlackElo "1504"]

1. e4 c5 2. Nc3 Nc6 3. g3 g6 4. Bg2 Bg7 5. d3 e6 6. f4 Nge7 7. Nf3 d5 8. e5 f6
9. exf6 Bxf6 10. Bd2 O-O 11. O-O Bd7 12. Re1 Nf5 13. Rb1 Ncd4 14. Ne2 Rc8 15.
c3 Nxf3+ 16. Bxf3 Bc6 17. c4 Qd7 18. Nc3 dxc4 19. Bxc6 Rxc6 20. dxc4 Qd4+ 21.
Kg2 Qxc4 22. Re4 Qd3 23. Qe1 Rd8 24. Rd1 Bxc3 25. Rxe6 Qd5+ 26. Re4 Bxd2 27. Rxd2
Qxd2+ 28. Qxd2 Rxd2+ 29. Kh3 Rxb2 30. g4 Nd6 31. Re7 c4 32. g5 Ra6 33. Kg4 Nf5
0-1

[Event "Szkolne Indywidualne Mistrzostwa Polski 2021 - Dziewczeta do lat 15 i 17"]
[Site "Pokrzywna"]
[Date "1899-12-30"]
[Round "2.1"]
[White "Labedz, Gabriela"]
[Black "Pietrzak, Emilia"]
[Result "1-0"]
[WhiteTitle "I"]
[BlackTitle "I"]
[WhiteElo "1378"]
[BlackElo "1504"]

1. e4 c5 2. Nf3 e6 3. d4 cxd4 4. Nxd4 Nf6 5. Nc3 Nc6 6. a3 Be7 7. Be3 d6 8. f4
O-O 9. Qf3 a6 10. O-O-O Qc7 11. h3 Rd8 12. g4 d5 13. e5 Nd7 14. h4 Nxd4 15. Bxd4
b5 16. Kb1 Rb8 17. g5 b4 18. axb4 Bxb4 19. h5 Bxc3 20. Bxc3 d4 21. Bxd4 Bb7 22.
Qh3 Bxh1 23. Qxh1 Rbc8 24. c3 Nc5 25. g6 h6 26. Bh3 Nb3 27. Be3 Qa5 28. gxf7+
Kf8 29. Bxe6 Qa1+ 30. Kc2 Qa4 31. Kb1 Qa1+ 32. Kc2 Qa4 33. Bxb3 Rxd1 34. Qxd1
Qe4+ 35. Qd3 Qg2+ 36. Bd2 Qc6 37. Qd6+ Qxd6 38. exd6 Rd8 39. Be3 Rd7 40. Bc5 1-0

[Event "Szkolne Indywidualne Mistrzostwa Polski 2021 - Dziewczeta do lat 15 i 17"]
[Site "Pokrzywna"]
[Date "1899-12-30"]
[Round "2.2"]
[White "Zabrzanska, Weronika"]
[Black "Szymura, Oliwia"]
[Result "1-0"]
[WhiteTitle "k"]
[BlackTitle "II"]
[WhiteElo "1951"]
[BlackElo "1251"]

1. e4 e5 2. Nf3 Nc6 3. Bc4 Nf6 4. d3 Bc5 5. c3 d6 6. Nbd2 a6 7. Bb3 Bg4 8. h3 Bh5
9. O-O Qd7 10. Re1 O-O-O 11. Nf1 h6 12. Ng3 Bg6 13. d4 Bb6 14. Ba4 Qe7 15. Bxc6
bxc6 16. b4 Nh5 17. Nf5 Bxf5 18. exf5 e4 19. Qe2 Kb7 20. Qxe4 Qxe4 21. Rxe4 Rhe8
22. Rxe8 Rxe8 23. Bd2 Nf6 24. Re1 Ne4 25. Nh2 c5 26. f3 cxd4 27. fxe4 dxc3+ 28.
Be3 Rxe4 29. Nf1 c2 30. Kf2 Rxb4 31. Rc1 Rf4+ 32. Ke2 Rxf5 33. Bxb6 Kxb6 34. Rxc2
c5 35. Ne3 Re5 36. Kd3 d5 37. Rf2 f6 38. Nf5 c4+ 39. Kd4 Kc6 40. Nxg7 Re4+ 41.
Kc3 Kc5 42. Nf5 d4+ 43. Kc2 Kb4 44. a3+ Kc5 45. Nxh6 Re3 46. Rf5+ Kb6 47. Rxf6+
Ka5 48. Rf4 Rxa3 49. Rxd4 Ra2+ 50. Kc3 Rxg2 51. Kxc4 Rg6 52. Nf5 Rc6+ 53. Kb3
Rf6 54. Rd5+ Kb6 55. Rd6+ Rxd6 56. Nxd6 Kc6 57. Ne4 Kd5 58. Nf2 Ke6 59. Kb4 Kf6
60. Ka5 Kg7 61. Kxa6 Kg6 62. Kb5 Kg7 63. Kc5 Kh6 64. Kd5 Kg5 65. Ke5 Kh6 66. Kf5
Kh5 67. Kf4 Kh6 68. Kg4 Kh7 69. Kg5 Kg7 70. h4 Kh7 71. h5 Kg7 72. Ne4 Kg8 73.
Kg6 Kh8 74. Ng5 Kg8 75. h6 Kh8 76. Nf7+ Kg8 77. h7+ 1-0

[Event "Szkolne Indywidualne Mistrzostwa Polski 2021 - Dziewczeta do lat 15 i 17"]
[Site "Pokrzywna"]
[Date "1899-12-30"]
[Round "2.3"]
[White "Szopa, Emilia"]
[Black "Pawlak, Emilia"]
[Result "1-0"]
[WhiteTitle "I++"]
[BlackTitle "I"]
[WhiteElo "1653"]
[BlackElo "1515"]

1. e4 c5 2. Nf3 g6 3. d4 cxd4 4. Nxd4 Nc6 5. c4 Nf6 6. Nc3 d6 7. f3 Nxd4 8. Qxd4
Bg7 9. Be3 O-O 10. Qd2 a5 11. Rd1 Bd7 12. c5 Ne8 13. Nd5 Bc6 14. Nb6 Rb8 15. Nc4
Qc7 16. cxd6 Nxd6 17. Bb6 Qc8 18. Nxd6 exd6 19. Bxa5 f5 20. Bc4+ Kh8 21. O-O Bxe4
22. b3 Bc6 23. Qxd6 Ra8 24. Bc7 Rxa2 25. Rfe1 Qa8 26. Bb6 Rc2 27. Bd4 1-0

[Event "Szkolne Indywidualne Mistrzostwa Polski 2021 - Dziewczeta do lat 15 i 17"]
[Site "Pokrzywna"]
[Date "1899-12-30"]
[Round "2.4"]
[White "Miarecka, Natalia"]
[Black "Matusik, Zuzanna"]
[Result "1-0"]
[WhiteTitle "I"]
[BlackTitle "I"]
[WhiteElo "1262"]
[BlackElo "1209"]

1. e4 e5 2. Nf3 Nc6 3. Nc3 Bc5 4. Nxe5 Nxe5 5. d4 Bxd4 6. Qxd4 Qf6 7. Be3 Nc6 8.
Qxf6 Nxf6 9. Bc4 O-O 10. O-O d6 11. Rad1 Re8 12. f3 Be6 13. Bxe6 Rxe6 14. a3 a6
15. Bg5 h6 16. Bxf6 gxf6 17. Nd5 Rc8 18. f4 Kg7 19. Rde1 Ne7 20. f5 Re5 21. Nf4
Ng8 22. Rf3 Rce8 23. Rfe3 c6 24. c4 Kh8 25. Kf2 b5 26. cxb5 Rxb5 27. b4 a5 28.
bxa5 Rxa5 29. Rd1 d5 30. exd5 Rxe3 31. Kxe3 Rxa3+ 32. Rd3 Rxd3+ 33. Kxd3 cxd5
34. Nxd5 Kg7 35. Ke4 h5 36. h4 Nh6 37. Nf4 Ng4 38. Nxh5+ Kh6 39. Nf4 Ne5 40. Kd5
Ng4 41. Ke4 Ne5 42. g3 Ng4 43. Nd5 Kg7 44. Kf4 Ne5 45. Nc7 Kf8 46. g4 Nd7 47.
g5 fxg5+ 48. Kxg5 Kg7 49. Ne8+ Kf8 50. Nf6 Kg7 51. Nxd7 1-0

[Event "Szkolne Indywidualne Mistrzostwa Polski 2021 - Dziewczeta do lat 15 i 17"]
[Site "Pokrzywna"]
[Date "1899-12-30"]
[Round "3.1"]
[White "Matusik, Zuzanna"]
[Black "Labedz, Gabriela"]
[Result "0-1"]
[WhiteTitle "I"]
[BlackTitle "I"]
[WhiteElo "1209"]
[BlackElo "1378"]

1. e4 d6 2. d4 Nf6 3. Nc3 e5 4. dxe5 dxe5 5. Qxd8+ Kxd8 6. Bc4 Be6 7. Bxe6 fxe6
8. f3 c6 9. Be3 Nbd7 10. O-O-O Kc7 11. Nge2 Bc5 12. Bxc5 Nxc5 13. Rd2 Rad8 14.
Rhd1 g5 15. h3 h5 16. g4 Rxd2 17. Rxd2 hxg4 18. hxg4 Nh7 19. Ng3 Nf8 20. Rd1 Ng6
21. Rh1 Nh4 22. Kd1 Rf8 23. Rf1 Rxf3 24. Rxf3 Nxf3 25. Nh5 Nd7 26. Ke2 Nh2 27.
b4 Nxg4 28. Kf3 Ndf6 29. Nxf6 Nxf6 30. b5 c5 31. a4 Kb6 32. Nd1 Ka5 33. Nb2 Kb4
34. Nd3+ Kxa4 35. Nxc5+ Kxb5 36. Nxb7 a5 37. Nd6+ Kc5 38. Nb7+ Kb4 39. c3+ Kxc3
40. Nxa5 Kd3 41. Nc6 g4+ 42. Kg3 Kxe4 43. Nb4 Ke3 44. Nc2+ Kd2 45. Na3 e4 46.
Kf4 Kd3 0-1

[Event "Szkolne Indywidualne Mistrzostwa Polski 2021 - Dziewczeta do lat 15 i 17"]
[Site "Pokrzywna"]
[Date "1899-12-30"]
[Round "3.2"]
[White "Pawlak, Emilia"]
[Black "Miarecka, Natalia"]
[Result "0-1"]
[WhiteTitle "I"]
[BlackTitle "I"]
[WhiteElo "1515"]
[BlackElo "1262"]

1. e4 e5 2. Nf3 Nc6 3. Bc4 Nf6 4. d3 d5 5. exd5 Nxd5 6. Qe2 Qd6 7. O-O Be7 8. Re1
f6 9. Qe4 Nb6 10. Bb3 Be6 11. c4 Bf7 12. Nh4 g6 13. Nc3 f5 14. Qe3 Bxh4 15. c5
Qd7 16. Bxf7+ Kxf7 17. cxb6 axb6 18. Qh3 Be7 19. f4 Bc5+ 20. Kh1 Rae8 21. Ne4
Nb4 22. fxe5 Qxd3 23. e6+ Rxe6 24. Ng5+ Kg8 25. Qxd3 Rxe1+ 0-1

[Event "Szkolne Indywidualne Mistrzostwa Polski 2021 - Dziewczeta do lat 15 i 17"]
[Site "Pokrzywna"]
[Date "1899-12-30"]
[Round "3.3"]
[White "Szymura, Oliwia"]
[Black "Szopa, Emilia"]
[Result "0-1"]
[WhiteTitle "II"]
[BlackTitle "I++"]
[WhiteElo "1251"]
[BlackElo "1653"]

1. e4 c5 2. Nc3 e5 3. g3 Nc6 4. Bg2 d6 5. d3 Nf6 6. Nge2 Be7 7. O-O Be6 8. f4 exf4
9. Nxf4 Bg4 10. Qd2 h6 11. Ncd5 Nxd5 12. Nxd5 Bg5 13. Qf2 O-O 14. Bf4 Nd4 15.
c3 Ne2+ 16. Kh1 Nxf4 17. gxf4 Bh4 18. Qe3 Be6 19. Rg1 Bxd5 20. exd5 Re8 21. Qh3
Re2 22. Be4 Qf6 23. Rg4 Re1+ 24. Rxe1 Bxe1 25. Kg1 Re8 26. Kf1 Bd2 27. Qf3 h5
28. Rg2 Qxf4 29. Rf2 Qxf3 30. Bxf3 Re1+ 31. Kg2 Be3 32. Rf1 Rxf1 33. Kxf1 g6 34.
Ke2 Bf4 35. h3 Kg7 36. a3 Bc1 37. b4 Bxa3 38. bxc5 Bxc5 39. d4 Bb6 40. Kd3 Kf6
41. c4 Kf5 42. Ke3 a5 43. Bd1 Kg5 44. Ke4 f5+ 45. Ke3 Kh4 46. Ba4 Kg3 47. Be8
f4+ 48. Ke4 f3 49. Bxg6 f2 50. Bxh5 f1=Q 0-1

[Event "Szkolne Indywidualne Mistrzostwa Polski 2021 - Dziewczeta do lat 15 i 17"]
[Site "Pokrzywna"]
[Date "1899-12-30"]
[Round "3.4"]
[White "Pietrzak, Emilia"]
[Black "Zabrzanska, Weronika"]
[Result "0-1"]
[WhiteTitle "I"]
[BlackTitle "k"]
[WhiteElo "1504"]
[BlackElo "1951"]

1. d4 Nf6 2. c4 e6 3. g3 d5 4. Bg2 Be7 5. Nf3 O-O 6. O-O dxc4 7. Ne5 c5 8. dxc5
Qc7 9. Nxc4 Bxc5 10. Bg5 Nd5 11. Nbd2 h6 12. Bxd5 exd5 13. Bf4 Qe7 14. Ne3 Rd8
15. Nb3 Bxe3 16. Bxe3 Bh3 17. Bc5 Qd7 18. Re1 Nc6 19. Bd4 b6 20. Rc1 Rac8 21.
Qd2 Bf5 22. Rc3 Re8 23. Rec1 Qd6 24. a3 Re7 25. Be3 Ree8 26. Bf4 Qd7 27. Rd1 d4
28. Nxd4 Nxd4 29. Qxd4 Qxd4 30. Rxd4 Rxc3 31. bxc3 Rxe2 32. Rd8+ Kh7 33. Kf1 Ra2
34. Bd6 Rc2 35. Ra8 Rd2 36. Bf4 Rd7 37. Re8 a6 38. Be5 b5 39. Bd4 a5 40. Bc5 Rd2
41. Rb8 Bd3+ 42. Kg2 Be4+ 43. Kf1 Bf3 44. Re8 Rd5 45. Bd4 Rd7 46. Re3 Bd5 47.
Ke1 Bc4 48. Re4 f5 49. Re5 b4 50. axb4 axb4 51. Rc5 Bd5 52. Rb5 b3 53. f4 Re7+
54. Kd2 Bc4 55. Re5 Rb7 56. Re1 b2 57. Kc2 Ba2 58. Rb1 Bxb1+ 59. Kxb1 Kg8 60.
Be5 Rb6 61. c4 Rc6 62. Kxb2 Rxc4 63. h3 Re4 64. g4 fxg4 65. hxg4 g5 66. Kc3 gxf4
67. Bf6 f3 0-1

[Event "Szkolne Indywidualne Mistrzostwa Polski 2021 - Dziewczeta do lat 15 i 17"]
[Site "Pokrzywna"]
[Date "1899-12-30"]
[Round "4.1"]
[White "Labedz, Gabriela"]
[Black "Zabrzanska, Weronika"]
[Result "0-1"]
[WhiteTitle "I"]
[BlackTitle "k"]
[WhiteElo "1378"]
[BlackElo "1951"]

1. e4 e5 2. Nf3 Nc6 3. d4 exd4 4. Nxd4 Bc5 5. Nb3 Bb4+ 6. Bd2 Be7 7. Nc3 Nf6 8.
f4 d5 9. e5 d4 10. exf6 dxc3 11. Bxc3 Qxd1+ 12. Rxd1 gxf6 13. h3 Nb4 14. Bxb4
Bxb4+ 15. Kf2 Be6 16. Bd3 O-O-O 17. f5 Bd5 18. c4 Bc6 19. a3 Bd6 20. Rhe1 Rhg8
21. g4 h5 22. Be2 h4 23. Na5 Bg3+ 24. Kf1 Bxe1 25. Rxd8+ Rxd8 26. Nxc6 bxc6 27.
Kxe1 c5 28. Bf1 Kd7 29. Ke2 Rb8 30. b4 cxb4 31. axb4 Rxb4 32. Kf3 a5 0-1

[Event "Szkolne Indywidualne Mistrzostwa Polski 2021 - Dziewczeta do lat 15 i 17"]
[Site "Pokrzywna"]
[Date "1899-12-30"]
[Round "4.2"]
[White "Szopa, Emilia"]
[Black "Pietrzak, Emilia"]
[Result "1-0"]
[WhiteTitle "I++"]
[BlackTitle "I"]
[WhiteElo "1653"]
[BlackElo "1504"]

1. e4 c5 2. Nf3 Nc6 3. d4 cxd4 4. Nxd4 Nf6 5. Nc3 e5 6. Ndb5 d6 7. Bg5 a6 8. Na3
b5 9. Bxf6 gxf6 10. Nd5 f5 11. Bxb5 axb5 12. Nxb5 Ra4 13. Nbc7+ Kd7 14. O-O Qg5
15. f4 exf4 16. Rxf4 Rxe4 17. Rxe4 fxe4 18. Qe2 f5 19. Rf1 Rg8 20. c3 Bb7 21.
h4 Qg6 22. h5 Qg5 23. Nf4 Ne5 24. Nce6 Nf3+ 25. Rxf3 exf3 26. Qb5+ Bc6 27. Qb6
f2+ 28. Qxf2 Qxg2+ 29. Nxg2 Rxg2+ 30. Qxg2 Bxg2 31. Nxf8+ Ke7 32. Kxg2 Kxf8 33.
Kf3 Kf7 34. Kf4 Kf6 35. a4 1-0

[Event "Szkolne Indywidualne Mistrzostwa Polski 2021 - Dziewczeta do lat 15 i 17"]
[Site "Pokrzywna"]
[Date "1899-12-30"]
[Round "4.3"]
[White "Miarecka, Natalia"]
[Black "Szymura, Oliwia"]
[Result "0-1"]
[WhiteTitle "I"]
[BlackTitle "II"]
[WhiteElo "1262"]
[BlackElo "1251"]

1. e4 e5 2. Nf3 Nc6 3. Nc3 Bc5 4. Nxe5 Nxe5 5. d4 Bd6 6. dxe5 Bxe5 7. Bc4 Nf6 8.
O-O O-O 9. Re1 c6 10. Qd3 Qc7 11. h3 Re8 12. Bd2 Rb8 13. a4 a6 14. g3 b5 15. axb5
axb5 16. Bb3 b4 17. Na4 d5 18. exd5 Bxh3 19. f4 Bd6 20. Rxe8+ Rxe8 21. c3 cxd5
22. Bxd5 Qa7+ 23. Kh1 Ng4 24. Qd4 Qxd4 25. cxd4 Re2 26. Be1 Ne3 27. Nb6 Nxd5 28.
Nxd5 Bg2+ 29. Kg1 Bxd5 30. b3 g6 31. Kf1 Re3 32. Ra6 Re6 33. g4 Bxb3 34. Rb6 Bc4+
35. Kf2 b3 36. Bc3 Bxf4 37. Rb4 Bd5 38. Rb5 Rd6 39. Bb4 Rd7 40. Bc3 Bc1 41. Ke1
Bf3 42. Rb8+ Kg7 43. g5 Bxg5 44. Rxb3 h5 45. Ba1 Bf6 46. Rxf3 Rb7 47. Ra3 h4 48.
Kf2 Rb4 49. Rd3 g5 50. Bc3 Rb5 51. Bd2 Kg6 52. d5 g4 53. d6 Rf5+ 54. Kg2 g3 55.
d7 Bd8 56. Rd6+ Rf6 57. Rd4 Rf2+ 58. Kg1 Kf5 59. Be3 Rc2 60. Kf1 h3 61. Kg1 h2+
62. Kh1 Rb2 63. Rd1 Ke4 64. Ba7 f5 65. Bc5 Kf3 66. Bd6 Kg4 67. Rd4+ Kh3 68. Rd1
g2# 0-1

[Event "Szkolne Indywidualne Mistrzostwa Polski 2021 - Dziewczeta do lat 15 i 17"]
[Site "Pokrzywna"]
[Date "1899-12-30"]
[Round "4.4"]
[White "Matusik, Zuzanna"]
[Black "Pawlak, Emilia"]
[Result "0-1"]
[WhiteTitle "I"]
[BlackTitle "I"]
[WhiteElo "1209"]
[BlackElo "1515"]

1. e4 c5 2. c4 Nc6 3. g3 Nf6 4. Bg2 e5 5. Ne2 Be7 6. O-O O-O 7. d3 a6 8. Nbc3 Rb8
9. f4 d6 10. h3 b5 11. b3 bxc4 12. bxc4 Kh8 13. Kh2 Bd7 14. Ng1 Qa5 15. Bd2 Qc7
16. g4 exf4 17. Bxf4 Ne5 18. g5 Ng8 19. Nd5 Qd8 20. Nxe7 Nxe7 21. Nf3 N7g6 22.
Bg3 Qe7 23. h4 Ng4+ 24. Kh1 Ne3 25. Qd2 Nxf1 26. Rxf1 Rb6 27. h5 Ne5 28. h6 Rg8
29. Qc3 Nxf3 30. hxg7+ Rxg7 31. Rxf3 Qxg5 32. Kg1 Rb1+ 33. Kf2 Rc1 34. Qb2 Rd1
35. Ke2 Bg4 36. Bxd6 Bxf3+ 37. Bxf3 Qd8 38. Kxd1 Qxd6 39. Ke2 Qh2+ 0-1

[Event "Szkolne Indywidualne Mistrzostwa Polski 2021 - Dziewczeta do lat 15 i 17"]
[Site "Pokrzywna"]
[Date "1899-12-30"]
[Round "5.1"]
[White "Pawlak, Emilia"]
[Black "Labedz, Gabriela"]
[Result "1-0"]
[WhiteTitle "I"]
[BlackTitle "I"]
[WhiteElo "1515"]
[BlackElo "1378"]

1. c4 f5 2. Nc3 Nf6 3. g3 g6 4. Bg2 d6 5. e3 Bg7 6. Nge2 c6 7. O-O O-O 8. d4 Qe8
9. Rb1 e5 10. b4 Na6 11. b5 Nc7 12. Ba3 Qe6 13. bxc6 b6 14. dxe5 dxe5 15. Bxf8
Kxf8 16. Nd5 Ncxd5 17. cxd5 Qd6 18. Nc3 Ba6 19. Re1 Ne8 20. Qa4 Nc7 21. e4 Kg8
22. Red1 Bf8 23. exf5 gxf5 24. Qh4 Qg6 25. g4 Bc5 26. gxf5 Qxf5 27. d6 Ne6 28.
d7 Bd4 29. Nd5 Bc5 30. Be4 Qg5+ 31. Qxg5+ Nxg5 32. Nf6+ 1-0

[Event "Szkolne Indywidualne Mistrzostwa Polski 2021 - Dziewczeta do lat 15 i 17"]
[Site "Pokrzywna"]
[Date "1899-12-30"]
[Round "5.2"]
[White "Szymura, Oliwia"]
[Black "Matusik, Zuzanna"]
[Result "0-1"]
[WhiteTitle "II"]
[BlackTitle "I"]
[WhiteElo "1251"]
[BlackElo "1209"]

1. e4 e5 2. Nf3 Nc6 3. Nc3 Nf6 4. d4 exd4 5. Nxd4 Nxd4 6. Qxd4 d6 7. Bc4 Be7 8.
f3 O-O 9. Be3 a6 10. a4 Bd7 11. O-O h6 12. Rad1 Qe8 13. b3 Kh8 14. Rf2 Bc6 15.
g4 b5 16. axb5 axb5 17. Bd5 Nxd5 18. Nxd5 Bxd5 19. Qxd5 c6 20. Qh5 Kg8 21. Rg2
f6 22. Qh3 d5 23. exd5 cxd5 24. Rxd5 Bc5 25. Re2 Bxe3+ 26. Kg2 Ra1 27. f4 Qc6
28. Qf3 Bxf4 29. Re7 Qxc2+ 30. Qf2 Qc6 31. Qf3 Ra2+ 32. Kf1 Rd2 33. Rxg7+ Kxg7
34. Rg5+ fxg5 35. Qxc6 Rfd8 36. Qc3+ Kf7 37. Qc5 Rd1+ 38. Kg2 R8d2+ 39. Kf3 Rf1+
40. Ke4 Re1+ 41. Kf3 Re3+ 42. Qxe3 Bxe3 0-1

[Event "Szkolne Indywidualne Mistrzostwa Polski 2021 - Dziewczeta do lat 15 i 17"]
[Site "Pokrzywna"]
[Date "1899-12-30"]
[Round "5.3"]
[White "Pietrzak, Emilia"]
[Black "Miarecka, Natalia"]
[Result "1/2-1/2"]
[WhiteTitle "I"]
[BlackTitle "I"]
[WhiteElo "1504"]
[BlackElo "1262"]

1. e4 e5 2. Nf3 Nf6 3. Nxe5 d6 4. Nf3 Nxe4 5. Nc3 Nxc3 6. bxc3 Be7 7. d4 d5 8.
Bd3 O-O 9. O-O Bg4 10. Re1 b6 11. h3 Bh5 12. Re5 Bg6 13. c4 dxc4 14. Bxc4 Bf6
15. Bg5 h6 16. Bxf6 Qxf6 17. Qd2 Nc6 18. Re3 Rad8 19. c3 Na5 20. Bd3 c5 21. Qe2
cxd4 22. Nxd4 Bxd3 23. Qxd3 Nc6 24. Rd1 Nxd4 25. cxd4 Rd7 26. Qa6 Rfd8 27. Red3
Qe7 28. d5 Qd6 29. Rc1 Qb8 30. d6 Rxd6 31. Rxd6 Qxd6 32. Qxa7 Rd7 33. Qa8+ Kh7
34. Qe4+ Kg8 35. Qe8+ Kh7 36. Qe4+ Kg8 37. Qe8+ Kh7 38. Qc8 Re7 39. Qf5+ Qg6 40.
Qb5 Qd6 41. Qf5+ 1/2-1/2

[Event "Szkolne Indywidualne Mistrzostwa Polski 2021 - Dziewczeta do lat 15 i 17"]
[Site "Pokrzywna"]
[Date "1899-12-30"]
[Round "5.4"]
[White "Zabrzanska, Weronika"]
[Black "Szopa, Emilia"]
[Result "1-0"]
[WhiteTitle "k"]
[BlackTitle "I++"]
[WhiteElo "1951"]
[BlackElo "1653"]

1. e4 c5 2. Nf3 Nc6 3. c3 d5 4. exd5 Qxd5 5. d4 Bf5 6. Be2 cxd4 7. cxd4 Bxb1 8.
Rxb1 e6 9. O-O Qxa2 10. Be3 Nf6 11. Ne5 Qd5 12. Qa4 Qd6 13. Bb5 Rc8 14. Rfc1 Nd7
15. Nxc6 a6 16. Ne5 Rxc1+ 17. Rxc1 axb5 18. Qa8+ Ke7 19. Qxb7 Qd5 20. Rc7 Qxb7
21. Rxb7 Ke8 22. Nxd7 Bd6 23. Ne5 1-0

[Event "Szkolne Indywidualne Mistrzostwa Polski 2021 - Dziewczeta do lat 15 i 17"]
[Site "Pokrzywna"]
[Date "1899-12-30"]
[Round "6.1"]
[White "Labedz, Gabriela"]
[Black "Szopa, Emilia"]
[Result "0-1"]
[WhiteTitle "I"]
[BlackTitle "I++"]
[WhiteElo "1378"]
[BlackElo "1653"]

1. e4 c5 2. Nf3 Nc6 3. d4 cxd4 4. Nxd4 Nf6 5. Nc3 e5 6. Ndb5 d6 7. Nd5 Nxd5 8.
exd5 Nb8 9. a4 a6 10. Nc3 Be7 11. a5 Nd7 12. Be2 O-O 13. O-O f5 14. f3 Bf6 15.
Be3 b6 16. b4 f4 17. Bf2 bxa5 18. bxa5 e4 19. Bd4 e3 20. Bxf6 Qxf6 21. Ne4 Qg6
22. Bd3 Ne5 23. Kh1 Qh6 24. Nc3 Rf6 25. Qe2 Qh4 26. Kg1 Rh6 27. g3 fxg3 28. Ne4
Nxd3 29. cxd3 g2 30. Qxg2 Bh3 31. Qe2 Rg6+ 32. Ng3 Rf8 33. Rfc1 Rf4 34. Rab1 Rxg3+
35. hxg3 Qxg3+ 36. Kh1 Rh4 0-1

[Event "Szkolne Indywidualne Mistrzostwa Polski 2021 - Dziewczeta do lat 15 i 17"]
[Site "Pokrzywna"]
[Date "1899-12-30"]
[Round "6.2"]
[White "Miarecka, Natalia"]
[Black "Zabrzanska, Weronika"]
[Result "0-1"]
[WhiteTitle "I"]
[BlackTitle "k"]
[WhiteElo "1262"]
[BlackElo "1951"]

1. e4 c5 2. Nf3 Nc6 3. c3 Nf6 4. e5 Nd5 5. d4 cxd4 6. cxd4 d6 7. Nc3 Nxc3 8. bxc3
dxe5 9. d5 e4 10. Ng5 Ne5 11. Nxe4 a6 12. c4 e6 13. Bb2 exd5 14. Qxd5 Bb4+ 15.
Bc3 Qxd5 16. cxd5 Bxc3+ 17. Nxc3 b5 18. g3 Bb7 19. Bg2 O-O 20. O-O Rac8 21. Nd1
Rfd8 22. Ne3 Nc4 23. Rad1 g6 24. Rfe1 Nb6 25. Rd2 Rd6 26. f4 Kf8 27. Bf3 Rc3 28.
Kg2 Rxe3 29. Rxe3 Nc4 30. Red3 Nxd2 31. Rxd2 Ke7 32. Kf2 Rb6 33. Ke3 Kd6 34. Kd4
Ba8 35. Re2 Rb8 36. Rc2 Re8 37. Rc1 Bb7 38. g4 Rc8 39. Rxc8 Bxc8 40. h4 Bb7 41.
a3 Ba8 42. Bg2 Bb7 43. Bh1 a5 44. Bg2 b4 45. axb4 axb4 46. Kc4 b3 47. Kxb3 Bxd5+
48. Bxd5 Kxd5 49. h5 gxh5 50. gxh5 Ke4 51. Kc3 Kxf4 52. Kd3 Kg5 53. Ke3 Kxh5 54.
Kf4 Kg6 55. Kg4 f5+ 56. Kf4 h5 57. Kg3 Kg5 58. Kf3 f4 59. Kf2 Kg4 60. Kf1 Kf3
61. Kg1 Ke2 62. Kg2 f3+ 63. Kg1 f2+ 64. Kg2 f1=Q+ 65. Kh2 Qf4+ 66. Kh3 Qg4+ 67.
Kh2 Kf2 68. Kh1 Qh4# 0-1

[Event "Szkolne Indywidualne Mistrzostwa Polski 2021 - Dziewczeta do lat 15 i 17"]
[Site "Pokrzywna"]
[Date "1899-12-30"]
[Round "6.3"]
[White "Matusik, Zuzanna"]
[Black "Pietrzak, Emilia"]
[Result "1/2-1/2"]
[WhiteTitle "I"]
[BlackTitle "I"]
[WhiteElo "1209"]
[BlackElo "1504"]

1. e4 c5 2. c4 Nc6 3. g3 g6 4. Bg2 Bg7 5. Ne2 d6 6. h3 Nf6 7. d3 O-O 8. O-O Ne8
9. Nbc3 Nc7 10. Rb1 Ne6 11. f4 Ned4 12. f5 a6 13. b3 b5 14. Be3 Qa5 15. fxg6 hxg6
16. Qd2 Nxe2+ 17. Nxe2 Nb4 18. d4 Qb6 19. dxc5 dxc5 20. Qxb4 cxb4 21. Bxb6 bxc4
22. bxc4 a5 23. Bd4 e5 24. Bc5 Rd8 25. a3 bxa3 26. Bxa3 Ba6 27. Rfd1 Bxc4 28.
Nc3 Rab8 29. Rxd8+ Rxd8 30. Nd5 f5 31. Ne7+ Kh7 32. exf5 gxf5 33. Nxf5 Bd3 34.
Rd1 Bf6 35. Ne7 Bxe7 36. Bxe7 Re8 37. Rxd3 Rxe7 38. Rd5 e4 39. Rxa5 e3 40. Ra1
Rc7 41. Re1 Rc3 42. g4 Kh6 43. Kh2 Kg5 44. Kg3 Rd3 45. Kf3 Kh4 46. Rxe3 Rd2 47.
Re5 Rf2+ 48. Ke3 Rxg2 49. Rh5+ Kg3 50. g5 Ra2 51. Ke4 Ra5 52. h4 Kg4 53. Rh6 Ra4+
54. Kd5 Kf5 55. g6 Ra5+ 56. Kc4 Kf6 57. Rh7 Kxg6 1/2-1/2

[Event "Szkolne Indywidualne Mistrzostwa Polski 2021 - Dziewczeta do lat 15 i 17"]
[Site "Pokrzywna"]
[Date "1899-12-30"]
[Round "6.4"]
[White "Pawlak, Emilia"]
[Black "Szymura, Oliwia"]
[Result "1-0"]
[WhiteTitle "I"]
[BlackTitle "II"]
[WhiteElo "1515"]
[BlackElo "1251"]

1. e4 e5 2. Nf3 Nc6 3. Bc4 Bc5 4. O-O d6 5. c3 Bg4 6. d3 Qd7 7. Nbd2 Nf6 8. Bb3
O-O 9. Re1 Rfe8 10. Nf1 d5 11. Qe2 d4 12. h3 Bh5 13. Ng3 Bg6 14. Nh4 Rad8 15.
Bc2 Ne7 16. Qf3 Qc6 17. Bd2 b5 18. Rac1 Rd6 19. Bb1 Qb6 20. b4 dxc3 21. bxc5 cxd2
22. cxb6 Rc6 23. Rcd1 dxe1=Q+ 24. Rxe1 cxb6 25. Qe3 Rec8 26. Ne2 b4 27. Nxg6 Nxg6
28. d4 exd4 29. Qxd4 Rc4 30. Qe3 Re8 31. f3 Ne5 32. Qb3 Rec8 33. Rd1 a5 34. f4
Nxe4 35. fxe5 h6 36. Qd3 Nc3 37. Qd8+ Rxd8 38. Rxd8# 1-0